000 00894nam a2200289Ia 4500
999 _c51307
_d51307
001 18276
003 GE_BSU
005 20230313125045.0
008 181216s2012||||fr |||||||||||||| ||fre||
020 _a9782011558138
040 _cGE_BSU
041 _afre
080 _a811.133.1 A-44
245 _aAlter Ego A2 Methode de Francais :
_bCahier d'activites /
_cAnnie Berthet, Beatrix Sampsonis, Caterine Hugot, Monique Waendendries.
264 _aParis :
_bHachette,
_c2012.
300 _a128 p. :
_bill. ;
_c29 cm.
_e+1CD
541 _h54 Gel.
653 _aAlter Ego A2
653 _aMethode de Francais
653 _aCahier d'activites
653 _aფრანგული ენა
700 _aBerthet,Annie
_eby
_96549
700 _aSampsonis, Beatrix
_eby
_917184
700 _aHugot, Caterine
_eby
_917185
700 _aWaendendries, Monique
_eby
_917183
942 _cBK
_2udc